000
00309nam a2200121Ia 4500
008
220216s9999 xx 000 0 und d
100
_a
Sangtani S B
245
0
_a
Introduction to practical rubber compounding
260
_b
Rubber India
_c
1997
300
_a
41-46
650
_a
Rubber compounding
942
_c
JS
999
_c
61606
_d
61606